000 01402nam a2200193 a 4500
001 000048651
005 20201002061313.0
008 190405s2016 dr 000 0 spa d
020 _a9789945167191
040 _aDO-SdBNP
_bspa
_cBNPHU
082 _axx
_bxx
100 1 _aMorel Cerda, Manuel Ramón
_976098
245 1 0 _aTestimonios desclasificados :
_bretazos narrativos de hechos verídicos /
_cManuel Ramón Morel Cerda.
260 _aSanto Domingo :
_bEditora Corripio,
_c2016.
300 _a430 p. ;
_c24 cm.
500 _aIncluye índce onomástico
505 0 _aLlegada a la procuraduría fiscal del Distrito Nacional y antecedentes -- Sucesos importantes que ocurrieron en la procuraduría fiscal del Distrito Nacional --El discurso del presidente Bosch a la nación -- La querella del ministro Diego Bordas contra Horacio Julio Ornes Coiscou -- La publicación del presidente de la ADI Enrique Alfau -- El Golpe de Estado de 1963 -- Entrada en ADOMA -- Inicio de la Revolución de 1965 -- Entrada a procuraduría general de la república -- Relaciones con los ministros en el gobierno de García Godoy -- Salida de la procuraduría general de la república -- Llegada a Uruguay -- Regreso al país -- El frustrado golpe de Wessin -- El paréntesis de 1971 a 1978 -- La transición de Balaguer a Guzmán 169 -- Incidencias del juicio a Salvador Jorge Blanco.
590 _aInventariado, 2019/VM
999 _c48139
_d48139